00249cam a22000857a 4500008004000000082002000040245004300060260005000103300001000153180718b1953 xxu||||| |||| 00| 0 eng d aK62x42 Un3/1953 aPolitical activities of civil servants aLondonbHer Majesty's Stationery Officec1953 a15+p.